Responses for Show #5585 - Friday, December 12, 2008

Contestants

[<< previous game]

Tim Rask, a project administrator from Iowa City, Iowa

Anthony Stinton, an Air Force officer originally from Sherwood, Oregon

Christine Carrino Gorowara, a teacher educator from Wilmington, Delaware (whose 1-day cash winnings total $20,801)

[next game >>]

Jeopardy! Round responses

HEALTH MATTERS
GYPSIES, TRAMPS & THIEVES
NEWS OF THE WEIRD
(Alex: The website.)
GREECE IS THE WORD
IT'S GOT GROOVE
IT'S GOT MEANING
    $200 11
skin cancer

Christine
    $200 26
Egypt

Christine
    $200 6
an apple

Christine
    $200 16
Athens

Tim
    $200 21
"Satisfaction"

Tim
    $200 1
Jeopardy

Anthony
    $400 12
a tick

Tim
    $400 27
Lady and the Tramp

Anthony
    $400 7
the pilot light

Christine
    $400 17
Marathon

Tim
    $400 22
Bon Jovi

Christine
    $400 2
purple

Tim
    $600 13
ligaments

Tim
    $600 28
flamenco

Tim
    $600 8
MP3

Christine
    $600 18
Sparta

Tim
    $600 23
Billie Jean

Anthony
    $600 3
frankly

Tim
    $800 14
spina bifida

Tim
    $800 29
"It Takes A Thief"

Christine
    $800 9
(Anthony: What is a flamethrower?)
...
(Alex: Something much smaller--a regular [*].)

blowtorch

Anthony
Triple Stumper
    $800 19
Rhodes

Anthony
    $800 24
"My Sharona"

Christine
    $800 4
the triangle

Christine
    $600 15
sickle cell anemia

Tim
    $1000 30
(Alex: Oh, go for the obvious--[*].)

the Mona Lisa

Triple Stumper
    $1000 10
Michigan

Tim
    $1000 20
the Balkan Peninsula

Anthony
    $1000 25
KC & The Sunshine Band

Christine
    $1000 5
erudite

Christine

Scores at the first commercial break (after clue 15):

Christine Anthony Tim
$3,200 -$600 $4,400

Scores at the end of the Jeopardy! Round:

Christine Anthony Tim
$6,400 $2,200 $6,400

Double Jeopardy! Round responses

WORLD HISTORY
ART "C" CROSSWORD CLUES
A ROLE IN THE HAY
2008 NATIONAL SPELLING BEE WORDS
(Alex: First you give the response, and then you have to spell it. Be careful on that one.)
STEP UP TO THE BARRE
WOULD YOU LIKE A COCKTAIL?
    $400 6
Attila

Christine
    $400 16
charcoal

Anthony
    $400 11
(Alex: You build it, they will come.)

Field of Dreams

Christine
    $400 26
C-O-R-O-N-A-R-Y

Anthony
    $400 21
DalĂ­

Tim
    $400 1
a mojito

Anthony
    $800 7
Ferdinand

Christine
    $800 17
a cast

Christine
    $800 12
Daisy Mae

Tim
    $800 27
S-I-O-U-X

Anthony
    $800 22
A Midsummer Night's Dream

Tim
    $800 2
brandy

Tim
    $1200 8
Eleanor of Aquitaine

Tim
    $1200 18
Chicago

Tim
    $1200 13
Babe

Christine
    $800 30
(Christine: What is Rorschach, R-O-R-S-H-A-C-H?)
(Alex: No, you left out the "C"--[*].)

R-O-R-S-C-H-A-C-H

Christine
    $1200 23
Ray Charles

Triple Stumper
    $1200 3
cranberry juice

Anthony
    $1600 9
(Anthony: What is Liberia?)
...
(Alex: Correct response--what is [*]--Gold Coast.)

Ghana

Anthony
Triple Stumper
    $1600 19
Camille

Christine
    $1600 14
(Buddy) Ebsen

Christine
    $1600 29
(Anthony: What is Shiatsu, S-H-I-A-T-A-S-U?)

S-H-I-A-T-S-U

ChristineAnthony
    $1600 24
(Alex: Famous ballerina of that time, the Russian--[*].)

Anna Pavlova

Triple Stumper
    $1600 4
Seagram's 7 Crown

Tim
    $2000 10
Babur

Triple Stumper
    $2000 20
(Christine: Who is Carvaggio?)

Cellini

Christine
Triple Stumper
    $2,000 15
(Alex: [*]--we loved 'em.)

Ma & Pa Kettle

Christine
    $2000 28
B-A-S-E-N-J-I

Triple Stumper
    $2000 25
(Tim: Who is Maria Callais?)
...
(Alex: Maria Tallchief's sister--[*].)

Marjorie Tallchief

Tim
Triple Stumper
    $2000 5
(Alex: Oh, famous drink--it's called a [*].)

Bellini

Triple Stumper

Scores at the end of the Double Jeopardy! Round:

Christine Anthony Tim
$14,000 $2,200 $11,200

[wagering suggestions for these scores]

Final Jeopardy! Round responses

STATE CAPITALS
(Alex: [Revealing Anthony's response] You are right, on the border of British Columbia, panhandle of Alaska.)
AnthonyWhat is Junaeu?
$601
TimWhat is Juneau?
$8,400
ChristineWhat is Juneau?
$8,401
Juneau, Alaska

Final scores:

Christine Anthony Tim
$22,401 $2,801 $19,600
2-day champion: $43,202 3rd place: $1,000 2nd place: $2,000

Game dynamics:

Coryat scores:

Christine Anthony Tim
$14,800 $2,200 $11,600
20 R
(including 1 DD),
2 W
(including 1 DD)
10 R,
3 W
19 R
(including 1 DD),
1 W

Combined Coryat: $28,600

[game clues] [game scores] [suggest correction]

Game tape date: 2008-10-15
The J! Archive is created by fans, for fans. Scraping, republication, monetization, and malicious use prohibited; this site may use cookies and collect identifying information. See terms. The Jeopardy! game show and all elements thereof, including but not limited to copyright and trademark thereto, are the property of Jeopardy Productions, Inc. and are protected under law. This website is not affiliated with, sponsored by, or operated by Jeopardy Productions, Inc. Join the discussion at JBoard.tv.